[Event "Minsk op"]
[Site "Minsk"]
[Date "2023.11.09"]
[Round "7"]
[White "Dmukhovskaya, Eva"]
[Black "Kandratsenka, Darya"]
[Result "1-0"]
[WhiteElo "1142"]
[BlackElo "1295"]
[PlyCount "65"]
[EventDate "2023.11.03"]
[EventType "swiss"]
[EventRounds "9"]
[EventCountry "BLR"]
[SourceTitle "CB46_2023"]
[SourceDate "2023.11.15"]
[SourceVersion "1"]
[SourceVersionDate "2023.11.15"]
[SourceQuality "1"]

1. e4 c5 2. Nf3 Nc6 3. d4 cxd4 4. Nxd4 g6 5. Nc3 Bg7 6. Nde2 Nf6 7. g3 0-0 8. Bg2 d6 9. 0-0 Nd7 10. Be3 Nde5 11. h3 Nc4 12. Qc1 b5 13. Bh6 b4 14. Bxg7 bxc3 15. Bxc3 e5 16. b3 Nb6 17. Qd2 Qe7 18. Rad1 Rd8 19. Bb2 Be6 20. Ba3 Nc8 21. f4 f5 22. exf5 Bxf5 23. Bxc6 Bxh3 24. Bxa8 Bxf1 25. Kxf1 Qd7 26. Bg2 Qg4 27. Qd5+ Kg7 28. Bb2 Kh6 29. Bxe5 Re8 30. Qf7 Re7 31. Bg7+ Kh5 32. Qd5+ g5 33. Bf3 1-0